000 00713cam a2200253 4500
008 090401t1983 xxu||||| |||| 00| 0 eng d
020 _a0704908263
035 _a(Sirsi) u43417
041 _aeng
050 _a333.335
100 _aSteel, Anthony
245 _aFinancial institutions : their investments and agricultural landownership
260 _aReading
_bUniversity of Reading
_c1983
300 _aii,40p. ; 30cm.
350 _a5
490 _aWorking Paper in Land Management and Development
_v1
650 _aFARM LAND
650 _aINSTITUTIONAL INVESTMENT
650 _aLAND OWNERSHIP
650 _aPENSION FUNDS
700 _aByrne, Peter.
_xEditor
942 _n0
948 _c04/03/1997
999 _c91317
_d91317